Normal view
MARC view
- Palau, Ramon
Entry Nombre Personal
001 - NUMERO DE CONTROL
- campo de control: 52378
003 - IDENTIFICADOR DE NUMERO DE CONTROL
- campo de control: UPN
005 - FECHA Y HORA DE LA ÜLTIMA TRANSACCIÓN
- campo de control: 20240613093811.0
008 - DATOS DE LONGITUD FIJA
- campo de control de longitud fija: 240613|| ac|||aabn | a|a d
024 ## - OTROS IDENTIFICADORES NORMALIZADOS
- Fuente: orcid
- Número normalizado o código: https://orcid.org/0000-0002-9843-3116
040 ## - FUENTE DE CATALOGACIÓN
- Agencia original de catalogación: MX-MxUPN
100 1# - ENCABEZAMIENTO - NOMBRE PERSONAL
- Nombre personal: Palau, Ramon
370 ## - LUGAR ASOCIADO
- Place of birth: España
371 ## - DIRECCIÓN
- Electronic mail address: ramon.palau@urv.cat
372 ## - CAMPO DE ACTIVIDAD
- Field of activity: Ciencias de la educación
- Field of activity: Docencia
373 ## - GRUPO ASOCIADO
- Associated group: Universitat Rovira i Virgili
374 ## - OCUPACIÓN
- Occupation: Pedagogo
- Occupation: Profesor universitario
670 ## - FUENTE EN LA QUE SE LOCALIZARON DATOS
- Cita de la fuente: En recurso en línea: Contextos educativos : revista de educación. No. 33 (2024):
- Información localizada: página 177 (Ramon Palau)
- Uniform Resource Identifier: https://publicaciones.unirioja.es/ojs/index.php/contextos/article/view/5680/4245
902 ## - CATALOGADOR
- Catalogador: RGJD/130624
